Delectus actorum Ecclesiae universalis, seu, Nova summa conciliorum, epistolarum, decretorum, S.S. Pontificum, capitularum etc.

Detalles Bibliográficos
Formato: Libro
Lenguaje:Undetermined
Latin
Publicado: Lugduni : sumptibus Joannis Certe, 1706.
Materias:
Colección:Banco de datos
Acervo:Biblioteca Palafoxiana. Colección bibliográfica
Descripción Física:2 t. ; f°
Tema general:Concilios
Notas:Marca de fuego: Colegio de San Juan Anotación manuscrita: "Poison es su autor". Número de localización: t.1 (7829) ; t.2 (7830)
LEADER 00653nam a2200157Ia 4500
008 150723s9999 xx 000 0 und d
041 0 |a lat 
050 0 |a PAFX BV710 D4 
245 1 0 |a Delectus actorum Ecclesiae universalis, seu, Nova summa conciliorum, epistolarum, decretorum, S.S. Pontificum, capitularum etc. 
260 |a Lugduni : sumptibus Joannis Certe, 1706. 
300 |a 2 t. ; f° 
500 |a Marca de fuego: Colegio de San Juan Anotación manuscrita: "Poison es su autor". Número de localización: t.1 (7829) ; t.2 (7830) 
650 1 0 |a Concilios 
942 |c PALALIB 
943 |g Biblioteca Palafoxiana. Colección bibliográfica 
999 |c 1047657  |d 1047657